LEADER 01016aam a2200241 i 4500 001 991002621289707536 008 141104s2011 it a b 000 0 ita 020 $a9788813322274 035 $ab14204472-39ule_inst 040 $aDip.to di Storia, Società e Studi sull'Uomo$bita 082 04$a338.0945 100 1 $aScalera, Italo$0229092 245 12$aI grandi imprenditori del XIX secolo :$bcentocinquant'anni di storia di Italia, di scoperte, di invenzioni, di impresa, di lavoro /$cItalo Scalera 260 $a[Padova] :$bCEDAM,$c2011 300 $aXV, 430 p. :$bill. ;$c24 cm. 650 4$aImprenditori$zItalia$ySec. 19. 651 4$aItalia$xSviluppo industriale$xStoria$ySec. 19. 907 $a.b14204472$b12-11-14$c04-11-14 912 $a991002621289707536 945 $aLE023 338.0945 SCA 1 1$g1$i2023000169391$lle023$op$pE40.50$q-$rl$s- $t0$u0$v0$w0$x0$y.i15643001$z12-11-14 996 $aGrandi imprenditori del XIX secolo$9258325 997 $aUNISALENTO 998 $ale023$b10-11-14$cm$da $e-$fita$git $h2$i0